Film dont le titre commence par un V (3) - Version facile - Statistiques

Statistiques générales
  • Ce quiz a été pris 6 fois
  • Le résultat moyen est 2 sur 30
Statistiques - réponses
Année Réalisateur Genre 1 acteur ou
1 actrice
Titre Indice facile % Correct
2009 Todd Philips Comédie Bradley Cooper Very bad trip
50%
1953 William Wyler Comédie Grégory Peck Vacances romaines *
33%
2009 Marcus Nispel Epouvante Bob King Vendredi 13 *
33%
1983 François Truffaut Comédie Fanny Ardant Vivement dimanche *
33%
1999 Roland Joffé Comédie dramatique Gérard Depardieu Vatel *
17%
1954 Robert Aldrich Western Burt Lancaster Vera Cruz *
17%
1938 Jacques Daroy Policier André Brulé Vidocq *
17%
2000 Pitof Thriller Gérard Depardieu Vidocq *
17%
1965 Louis Malle Comédie Brigitte Bardot Viva Maria *
17%
1944 Robert Siodmak Comédie dramatique Gene Kelly Vacances de Noël
0%
2010 Garry Marshall Comédie Erin Matthews Valentine's day
0%
1989 Milos Forman Comédie dramatique Colin Firth Valmont *
0%
1978 Nicole de Buron Comédie Annie Girardot Vas y Maman
0%
1939 John Stahl Drame psychologique Charles Boyer Veillée d'amour
0%
2008 Pierre Schoeller Drame Guillaume Depardieu Versailles *
0%
1962 Louis Malle Drame psychologique Brigitte Bardot Vie privée *
0%
1935 Howard Hawks Aventures Edward G. Robinson Ville sans loi
0%
1974 Luchino Visconti Comédie dramatique Burt Lancaster Violence et passion
0%
2013 Martin Provost Biographie Emmanuelle Devos Violette Leduc *
0%
2004 Philippe De Broca Comédie dramatique Denis Podalydès Vipère au poing
0%
2018 Chanya Button Biographie Gemma Arterton Vita et Virginia
0%
2019 Lorcan Finnegan Epouvante Imogen Poots Vivarium *
0%
1983 Gérard Mordillat Comédie dramatique François Cluzet Vive la sociale
0%
1943 George Sanders Drame Charles Laughton Vivre libre *
0%
1981 Carlos Saura Drame André Falcon Vivre vite *
0%
2005 Paul Greengrass Drame Gary Commock Vol 93 *
0%
1941 Maurice tourneur Comédie Harry Baur Volpone *
0%
2019 Christophe Karabache Drame Dario Argento Vortex *
0%
1955 Pierre Chevalier Comédie Eddie Constantine Vous pigez *
0%
1999 Serge Meynard Comédie dramatique Audrey Tautou Voyous voyelles *
0%
Aucun quiz correspondant
Distribution des résultats
% des personnes avec chaque résultat
Percentile par nombre de réponses
Votre historique - résultats
Vous n’avez pas pris ce quiz